Disney Groups of Things - Statistics

General Stats
  • This quiz has been taken 421 times
    359 since last reset
  • The average score is 20 of 36
Answer Stats
Category Answer % Correct
Grumpy
88%
Sleepy
87%
The 7 Dwarfs Doc
85%
Sneezy
83%
Bashful
79%
Dopey
79%
Happy
79%
Paris
75%
Orlando
74%
Dewey
71%
Donald Duck's Nephews Huey
70%
Cities with Disney Parks Anaheim
68%
Tokyo
65%
EPCOT
64%
Major Film Companies Owned by Disney Pixar
61%
Louie
60%
Animal Kingdom
59%
Four Parks at Walt Disney World Magic Kingdom
57%
The Sensational Six Mickey Mouse
57%
Minnie Mouse
56%
Donald Duck
55%
Goofy
55%
Pluto
55%
Daisy Duck
54%
Marvel Studios
45%
Pirates of the Caribbean
41%
Hollywood Studios
40%
Lucasfilm
40%
Hong Kong
35%
Shanghai
35%
Moana
34%
20th Century Fox
28%
Disney Attractions that Inspired Movies Haunted Mansion
26%
Jungle Cruise
21%
Animated Films Released in 2016 Zootopia
11%
Country Bears Jamboree
4%
No matching quizzes found
Score Distribution
Percent of People with Each Score
Percentile by Number Answered
Your Score History
You have not taken this quiz since the last reset